00458nam a2200157Ia 450000100060000000800410000608200120004710000330005924500800009225000140017226000380018630000260022465300180025065300180026865300140028638934150430s1999 ii a g b000 u 465 u a954.162 aBhattacharyya, Gaurisankar . 0aAssam: An Epitome of India /cGaurisankar Bhattacharyya.hTextual Documents a1st ed. / aGuwahati :bNava Diganta ,c1999. a95p. :bill ;c22cm . aHistory-Assam aAssam History aG-History